| 000 | 00583nam a2200181Ia 4500 | ||
|---|---|---|---|
| 008 | 100920s9999 xx 000 0 und d | ||
| 082 |
_b106435 _a891.43 न 06 |
||
| 100 | _aविभा रानी. | ||
| 245 | _aआओ तनकि प्रेम करे. | ||
| 260 |
_bकिताबघर,दिल्ली. _c2006 |
||
| 300 |
_a71 _bसाधी |
||
| 365 | _b80 | ||
| 520 | _aहिंदी. | ||
| 630 | _aआओ तनकि प्रेम करे. | ||
| 650 | _aहिंदी. | ||
| 730 | _aआओ तनकि प्रेम करे. | ||
| 942 | _cBOOK | ||
| 999 |
_c746866 _d746863 |
||